Redacción : (Registro nro. 12744)

Detalles MARC
000 -LEADER
fixed length control field 00946nam a22002537a 4500
003 - CONTROL NUMBER IDENTIFIER
control field DO-SdBNP
005 - DATE AND TIME OF LATEST TRANSACTION
control field 20180213144007.0
008 - FIXED-LENGTH DATA ELEMENTS--GENERAL INFORMATION
fixed length control field 171101b 2008||| |||| 00| 0 spa d
020 ## - INTERNATIONAL STANDARD BOOK NUMBER
International Standard Book Number 9789993445037
040 ## - CATALOGING SOURCE
Original cataloging agency BPMSU
Language of cataloging spa
Transcribing agency BPMSU
100 1# - MAIN ENTRY--PERSONAL NAME
Personal name García Molina, Bartolo
245 10 - TITLE STATEMENT
Title Redacción :
Remainder of title métodos de organización y expresión del pensamiento /
Statement of responsibility, etc. Bartolo García Molina ; revisión y corrección Míriam Gutiérrez, Ramón Morel Félix, Ruth Cuevas ; prólogo Altagracia Pou
250 ## - EDITION STATEMENT
Edition statement 9a ed.
260 ## - PUBLICATION, DISTRIBUTION, ETC. (IMPRINT)
Place of publication, distribution, etc. Santo Domingo :
Name of publisher, distributor, etc. Surco,
Date of publication, distribution, etc. 2008
300 ## - PHYSICAL DESCRIPTION
Extent 464 p. :
Other physical details il. ;
Dimensions 23 cm.
500 ## - GENERAL NOTE
General note Incluye datos biográficos del autor en las solapas
700 12 - ADDED ENTRY--PERSONAL NAME
Personal name Gutiérrez, Míriam,
Relator term rev. y corr.
700 12 - ADDED ENTRY--PERSONAL NAME
Personal name Morel Félix, Ramón,
Relator term rev. y corr.
700 1# - ADDED ENTRY--PERSONAL NAME
Personal name Cuevas, Ruth,
Relator term rev. y corr.
700 1# - ADDED ENTRY--PERSONAL NAME
Personal name Pou, Altagracia,
Relator term pról.
942 ## - ADDED ENTRY ELEMENTS (KOHA)
Source of classification or shelving scheme Dewey Decimal Classification
Koha item type Libros
945 ## - LOCAL PROCESSING INFORMATION (OCLC)
a Inventariado, 2018 /LP
956 ## - LOCAL ELECTRONIC LOCATION AND ACCESS (OCLC)
Host name BTAVAREZ
Access number 10
Compression information 20170111
Path 0038
Existencias
Withdrawn status Lost status Source of classification or shelving scheme Damaged status Not for loan Collection code Home library Current library Date acquired Coded location qualifier Total Checkouts Barcode Date last seen Price effective from Koha item type
    Dewey Decimal Classification     Colección Dominicana Biblioteca Pública Metropolitana Salomé Ureña Biblioteca Pública Metropolitana Salomé Ureña 11/01/2017 Sellar   BPMSU17110013 11/01/2017 11/01/2017 Libros